Detalles MARC
| 000 -LIDER |
| fixed length control field |
01734cam a22003493a 4500 |
| 001 - NÚMERO DE CONTROL |
| Identificador de número de control |
0000721 |
| 003 - IDENTIFICACDOR DE NÚMERO DE CONTROL |
| control field |
DO-SdBNP |
| 005 - DATE AND TIME OF LATEST TRANSACTION |
| control field |
20171109122644.0 |
| 007 - CAMPOS FIJOS DE DESCRIPCIÓN FÍSICA |
| fixed length control field |
0000721 |
| 008 - ELEMENTOS DE LONGITUD FIJA |
| fixed length control field |
861112 2009 ag ac 000 0 spa d |
| 010 ## - NUMERO DE CONTROL DE BIBLIOTECA DEL CONGRESO |
| LC control number |
|
| 020 ## - ISBN |
| International Standard Book Number |
9789507715730 |
| 040 ## - FUENTE DE CATALOGACIÓN |
| Agencia que crea de manera original el registro |
BPMSU |
| Agencia que realiza la transcripción |
spa |
| Agencia que realiza la modificación |
BPMSU |
| -- |
|
| 082 #4 - NÚMERO DE CLASIFICACIÓN DECIMAL DE DEWEY |
| Classification number |
590 |
| Item number |
G943v |
| 245 00 - MENCIÓN DE TITULO |
| Título |
Guía visual del mundo animal / |
| Mención de responsabilidad |
redacción y selección de textos Adriana Cuenca ; ilustraciones Paulo Soverón |
| 260 0# - PUBLICACIÓN, DISTRIBUCIÓN, ETC. (PIE DE IMPRENTA) |
| Lugar de publicación, distribución, etc |
Buenos Aires : |
| Nombre del editor, distribuidor, etc. |
Cultural Librera Americana, |
| Fecha de publicación, distribución, etc |
2009. |
| 300 ## - DESCRIPCIÓN FÍSICA |
| Extensión |
64 p. : |
| Otros detalles físicos |
il., |
| Dimensiones |
39 cm. |
| 500 ## - NOTA GENERAL |
| Nota general |
Incluye glosario. |
| 505 2# - NOTA DE CONTENIDO |
| Información miscelánea |
Vertebrados -- |
| Título |
El mundo de los animales -- |
| -- |
Los vertebrados -- |
| -- |
Los mamíferos -- |
| -- |
Sistemas y estructuras internas -- |
| -- |
Aparato digestivo de un elefante -- |
| -- |
Reproducción -- |
| -- |
Diversidad de mamíferos -- |
| -- |
Las aves -- |
| -- |
Sistemas y estructuras -- |
| -- |
Reproducción y nacimiento -- |
| -- |
Diversidad de aves -- |
| -- |
Los reptiles -- |
| -- |
Los anfibios -- |
| -- |
Estructuras y adaptaciones -- |
| -- |
Diversidad de anfibios y reptiles -- |
| -- |
Los peces -- |
| -- |
Reproducción y sistemas internos -- |
| -- |
Diversidad de peces -- |
| Información miscelánea |
Invertebrados -- |
| Título |
Los invertebrados -- |
| -- |
Los equinodermos -- |
| -- |
Los artrópodos -- |
| -- |
Diversidad de artrópodos -- |
| -- |
Los moluscos -- |
| -- |
Los anélidos -- |
| -- |
Los poríferos y los celenterados -- |
| -- |
Organismos simples -- |
| -- |
Glosario -- |
| 600 ## - ENCABEZAMIENTO DE MATERIA--NOMBRE PERSONAL |
| Nombre personal |
|
| Subdivisión temática general |
|
| 650 #4 - ENCABEZAMIENTO DE MATERIA--TEMÁTICO |
| Término temático o nombre geográfico como elemento de entrada |
ZOOLOGÍA |
| 650 #4 - ENCABEZAMIENTO DE MATERIA--TEMÁTICO |
| Término temático o nombre geográfico como elemento de entrada |
ANIMALES |
| Subdivisión temática general |
CLASIFICACIÓN |
| 650 #4 - ENCABEZAMIENTO DE MATERIA--TEMÁTICO |
| Término temático o nombre geográfico como elemento de entrada |
ANIMALES |
| Subdivisión temática general |
HÁBITOS |
| 650 #4 - ENCABEZAMIENTO DE MATERIA--TEMÁTICO |
| Término temático o nombre geográfico como elemento de entrada |
VERTEBRADOS |
| 650 #4 - ENCABEZAMIENTO DE MATERIA--TEMÁTICO |
| Término temático o nombre geográfico como elemento de entrada |
INVERTEBRADOS |
| 700 12 - ASIENTO SECUNDARIO -- NOMBRE PERSONAL |
| Nombre personal |
redacción y selección de textos Adriana Cuenca |
| 700 12 - ASIENTO SECUNDARIO -- NOMBRE PERSONAL |
| Nombre personal |
Soverón, Paulo |
| Mención de responsabilidad |
il. |
| 910 ## - VALIDACIÓN |
| Validación |
Validado. Control de calidad MFF |
| 942 ## - ADDED ENTRY ELEMENTS (KOHA) |
| Source of classification or shelving scheme |
Dewey Decimal Classification |
| Koha item type |
Libros |
| 945 ## - INFORMACIÓN DE PROCESAMIENTO LOCAL |
| Información de procesamiento local |
Inventariado extranjero / 2017 VM |
| 956 ## - LOCAL ELECTRONIC LOCATION AND ACCESS (OCLC) |
| Método de acceso |
YLOCKWARD |
| Materiales especificados |
10 |
| Campo enlazado y núm. de secuencia |
BPMSU |